[Event "Nuremberg Zabo op 10th"]
[Site "Nuremberg"]
[Date "2008.09.20"]
[Round "2"]
[White "Riess, Michael"]
[Black "Haarmann, Arne"]
[Result "1/2-1/2"]
[WhiteElo "1501"]
[BlackElo "767"]
[PlyCount "56"]
[EventDate "2008.09.19"]
[EventType "swiss"]
[EventRounds "5"]
[EventCountry "GER"]
[SourceTitle "EXT 2012"]
[Source "ChessBase"]
[SourceDate "2011.11.24"]
[SourceVersion "1"]
[SourceVersionDate "2011.11.24"]
[SourceQuality "1"]

1. e4 e5 2. d4 d6 3. dxe5 dxe5 4. Qxd8+ Kxd8 5. Bc4 Be6 6. Bxe6 fxe6 7. Nc3 Nc6 8. Bg5+ Be7 9. 0-0-0+ Ke8 10. Bxe7 Kxe7 11. Nge2 Nf6 12. f3 Rad8 13. Rxd8 Rxd8 14. Rd1 Rxd1+ 15. Kxd1 Nd4 16. Nxd4 exd4 17. Nb5 c6 18. Nxd4 Kd6 19. Kd2 c5 20. Nb5+ Kc6 21. c4 a6 22. Nc3 b5 23. b3 b4 24. Ne2 g5 25. g4 h5 26. h3 h4 27. Ke3 e5 28. Nc1 a5 1/2-1/2

[Event "Nuremberg Zabo op 10th"]
[Site "Nuremberg"]
[Date "2008.09.19"]
[Round "1"]
[White "Haarmann, Arne"]
[Black "Babichev, Vyacheslav"]
[Result "0-1"]
[WhiteElo "767"]
[BlackElo "1701"]
[PlyCount "112"]
[EventDate "2008.09.19"]
[EventType "swiss"]
[EventRounds "5"]
[EventCountry "GER"]
[SourceTitle "EXT 2012"]
[Source "ChessBase"]
[SourceDate "2011.11.24"]
[SourceVersion "1"]
[SourceVersionDate "2011.11.24"]
[SourceQuality "1"]

1. e4 d6 2. d4 Nf6 3. Nc3 g6 4. e5 dxe5 5. dxe5 Qxd1+ 6. Nxd1 Ng4 7. Nf3 Bg7 8. Bf4 Bf5 9. Bd3 Bxd3 10. cxd3 c5 11. h3 Nh6 12. Nc3 Nf5 13. Nb5 Na6 14. d4 cxd4 15. Nfxd4 Nxd4 16. Nxd4 0-0 17. 0-0 Nc7 18. Nf3 Nd5 19. Bg5 h6 20. Bd2 e6 21. Rfc1 Rfc8 22. Rab1 Kh7 23. Rxc8 Rxc8 24. Rc1 Rxc1+ 25. Bxc1 b6 26. Kf1 Nb4 27. a3 Nd3 28. Bd2 Nxb2 29. Ke2 Nc4 30. Bb4 Nxe5 31. Bd6 Nc4 32. Bb8 a6 33. a4 Nb2 34. Nd2 Nxa4 35. Kd3 b5 36. Nb3 Nb2+ 37. Kc2 Nc4 38. Nc5 a5 39. Kb3 Bd4 40. Ba7 Bxf2 41. Kc3 e5 42. Kd3 f5 43. g4 f4 44. Ke4 a4 45. Kd3 a3 46. Kc2 a2 47. Nb3 Bxa7 48. Na1 Bd4 49. Kb3 Bxa1 50. Kxa2 Bd4 51. Kb3 f3 52. Kc2 f2 53. g5 f1Q 54. gxh6 Qe2+ 55. Kc1 Qd2+ 56. Kb1 Qb2# 0-1